000 00261nam a2200109Ia 4500
005 20251222114347.0
008 251222s1900||||xx |||||||||||||| ||spa||
082 _aDVD0093/T18
245 0 _aEl bambú mágico.
264 _bTamashiro tokashiki, Felix
942 _cDVD
999 _c1102
_d1102